<The> New regionalism in Sub-Saharan Africa more than meets the eye?
Saved in:
| Main Author: | |
|---|---|
| Corporate Author: | |
| Format: | Book |
| Language: | English |
| Published: |
Paris
OECD
2002
|
| Series: | Policy brief
No. 20 |
| Subjects: | |
| Tags: |
No Tags, Be the first to tag this record!
|
MARC
| LEADER | 00000nam a2200000 4500 | ||
|---|---|---|---|
| 001 | c133975 | ||
| 005 | 20221221092153.4 | ||
| 041 | 0 | |a eng | |
| 044 | |a FR | ||
| 245 | 1 | 0 | |a <The> New regionalism in Sub-Saharan Africa |b more than meets the eye? |c by Andrea Goldstein |
| 264 | 1 | |a Paris |b OECD |c 2002 | |
| 300 | |a 35 s. | ||
| 490 | 1 | |a Policy brief |v No. 20 | |
| 830 | 0 | |a Policy brief |v No. 20 | |
| 610 | 2 | 0 | |a regionalizácia |
| 610 | 2 | 0 | |a regióny |
| 610 | 2 | 0 | |a integrácia |
| 610 | 2 | 0 | |a politika regionálna |
| 610 | 2 | 0 | |a obchod |
| 610 | 2 | 0 | |a investície |
| 610 | 2 | 0 | |a údaje štatistické |
| 610 | 2 | 0 | |a projekty |
| 610 | 2 | 0 | |a krajiny rozvojové |
| 610 | 2 | 0 | |a krajiny vyspelé |
| 610 | 2 | 0 | |a svet |
| 610 | 2 | 0 | |a OECD |
| 100 | 1 | |a Goldstein, Andrea | |
| 710 | 2 | |a OECD. Development Centre | |